000 00261nam a22001097a 4500
040 _csy
082 _a341
100 _aង៉ោ ប៊ុនថាន
245 _aការអភិវឌ្ឍន៍គំរោង
260 _aRUA
_bឯក
_c2004
942 _cKB
999 _c8498
_d8498